Catálogo

Vista normal Vista MARC

Entrada Personal Name

Número de registros utilizados en: 2

001 - CONTROL NUMBER

  • control field: 11262

003 - CONTROL NUMBER IDENTIFIER

  • control field: DLC

005 - DATE AND TIME OF LATEST TRANSACTION

  • control field: 20201112142508.0

008 - FIXED-LENGTH DATA ELEMENTS

  • fixed length control field: 800522n| acannaabn |a aaa

010 ## - LIBRARY OF CONGRESS CONTROL NUMBER

  • LC control number: n 50025933
  • Canceled/invalid LC control number: n 87125441

035 ## - SYSTEM CONTROL NUMBER

  • System control number: (OCoLC)oca00061331

040 ## - CATALOGING SOURCE

  • Original cataloging agency: DLC
  • Language of cataloging: spa
  • Transcribing agency: Mx-PuUPA
  • Modifying agency: DLC
  • Modifying agency: OCoLC
  • Modifying agency: DLC
  • Modifying agency: Mx-PuUPA
  • Description conventions: rda

046 ## - SPECIAL CODED DATES

  • Birth date: 1932
  • Death date: 2012

100 1# - HEADING--PERSONAL NAME

  • Personal name: Heller, Robert,
  • Dates associated with a name: 1932-2012

374 ## - OCCUPATION

  • Occupation: Autor

375 ## - GENDER

  • Gender: hombre

377 ## - ASSOCIATED LANGUAGE

  • Language code: eng

400 1# - SEE FROM TRACING--PERSONAL NAME

  • Personal name: Heller, Robert Gordon Barry,
  • Dates associated with a name: 1932-2012

400 1# - SEE FROM TRACING--PERSONAL NAME

  • Personal name: 海勒罗伯特,
  • Dates associated with a name: 1932-2012

670 ## - SOURCE DATA FOUND

  • Source citation: His The great executive dream, 1972.

670 ## - SOURCE DATA FOUND

  • Source citation: Biog. resource center (Contemp. authors), June 3, 2008
  • Information found: (Robert Gordon Barry Heller; also known as Robert Heller; b. June 10, 1932, London, England; Management today, editor and editorial director, 1966-87)

670 ## - SOURCE DATA FOUND

  • Source citation: Guardian WWW site, Sept. 18, 2012
  • Information found: (Robert Heller; b. June 10, 1932; d. Aug. 28, 2012; business journalist and author of a stream of books on management in which he explained the "tricks of the trade")